000 01496nam0a22003251 4500
001 v19\rc\1707026
005 20250619050243.0
035 _a(NLR Aleph) 004833789
090 _a4749803
_c4749803
100 _a20061002e18991899|||y0rusy50 ca
101 0 _arus
102 _aRU
105 _ay z |||||
200 1 _aОпыт приурочения древне-русской проповеди "Слово о князьях" к определенной хронологической дате
_fП.В. Голубовский
210 _aМосква
_cпечатня А.И. Снегиревой
_d1899
215 _a36 с.
_d21
311 _aОтт. из 1 т. "Тр. Археол. комис. Имп. Моск. археол. о-ва"
488 0 _12001#$aТруды Археологической комиссии Императорского Московского археологического общества$vТ. 1
_tТруды Археологической комиссии Императорского Московского археологического общества
605 _aСлово о князьях
700 1 _aГолубовский
_bП.В.
_f1857-1907
_gПетр Васильевич
801 0 _aRU
_bNLR
_gpsbo
801 0 _aRU
_bRuMoRGB
_2psbo
801 1 _aRU
_bProSoft-M
_2rusmarc
852 _aNLR
_j20.60.3.350
899 _aГПИБ
899 _aБАН
899 _aRuMoRGB
_jS 37/84
899 _aRuMoRGB
_jT 85/705
942 _cBOOK
980 _aNB